[Event "4NCL Division 2b"]
[Site "Birmingham, ENG ENG"]
[Date "2015.11.15"]
[Round "2.251"]
[White "Buckley, David E"]
[Black "Richardson, John R"]
[Result "1-0"]
[WhiteElo "2253"]
[BlackElo "2320"]
[PlyCount "129"]
[EventDate "2015.11.15"]
[WhiteTeam "Downend & Fishponds"]
[BlackTeam "The AD's"]

1. d4 Nf6 2. c4 e6 3. Nc3 Bb4 4. Qc2 O-O 5. e4 d5 6. e5 Ne4 7. Bd3 c5 8. Nf3
cxd4 9. Nxd4 Nd7 10. Bf4 Qh4 11. g3 Qh5 12. Bxe4 dxe4 13. Qxe4 Bxc3+ 14. bxc3
Nc5 15. Qe2 Qxe2+ 16. Kxe2 b6 17. a4 Ba6 18. Nb5 Rfc8 19. Nd6 Rc6 20. Rhb1 f6
21. a5 Nd7 22. axb6 axb6 23. exf6 e5 24. Nf5 Rxc4 25. Ne7+ Kf7 26. fxg7 Kxg7
27. Bd2 Nc5 28. Nf5+ Kf6 29. Nd6 Ra4+ 30. Ke3 Rxa1 31. Rxa1 Ke6 32. Nb5 Kd7 33.
c4 Nb3 34. Rd1 Nxd2 35. Rxd2+ Kc6 36. Rd5 Bxb5 37. Rxb5 Ra3+ 38. Ke4 Ra2 39.
Rxe5 Rxf2 40. Rh5 Rf7 41. Kd4 Rd7+ 42. Kc3 Rg7 43. Kb4 Re7 44. Rh6+ Kc7 45. g4
Rg7 46. h3 Kb7 47. Kc3 Ka6 48. c5 Kb5 49. cxb6 Kc5 50. Kd3 Kd5 51. Ke3 Rf7 52.
h4 Re7+ 53. Kf4 Re4+ 54. Kf5 Re5+ 55. Kf6 Re6+ 56. Kg7 Re7+ 57. Kf8 Rb7 58. g5
Ke5 59. Rf6 Rd7 60. Rf1 Rb7 61. Rb1 Kf5 62. Ke8 Ke6 63. Kd8 Kd6 64. Kc8 Rg7 65.
Kb8 1-0

[Event "4NCL Division 2b"]
[Site "Birmingham, ENG ENG"]
[Date "2015.11.15"]
[Round "2.252"]
[White "Rich, Mark C"]
[Black "Duncanson, Henry G"]
[Result "1/2-1/2"]
[WhiteElo "2260"]
[BlackElo "2305"]
[PlyCount "43"]
[EventDate "2015.11.15"]
[WhiteTeam "The AD's"]
[BlackTeam "Downend & Fishponds"]

1. e4 e6 2. Nc3 d5 3. Nf3 Nf6 4. e5 Ne4 5. Ne2 h6 6. d3 Ng5 7. Nfg1 c5 8. f4
Nh7 9. d4 Nc6 10. Nf3 Qb6 11. c3 Bd7 12. Rb1 Be7 13. Be3 O-O-O 14. dxc5 Bxc5
15. Bxc5 Qxc5 16. b4 Qb6 17. b5 Ne7 18. Qd4 g5 19. g3 gxf4 20. Nxf4 Ng5 21.
Qxb6 axb6 22. Nd4 1/2-1/2

[Event "4NCL Division 2b"]
[Site "Birmingham, ENG ENG"]
[Date "2015.11.15"]
[Round "2.253"]
[White "Russell, Christopher"]
[Black "Snape, Ian L"]
[Result "1/2-1/2"]
[WhiteElo "2094"]
[BlackElo "2245"]
[PlyCount "75"]
[EventDate "2015.11.15"]
[WhiteTeam "Downend & Fishponds"]
[BlackTeam "The AD's"]

1. e4 d6 2. d4 Nf6 3. Nc3 Nbd7 4. Nf3 e5 5. Bc4 Be7 6. O-O O-O 7. Re1 c6 8. a4
a5 9. h3 Nb6 10. Ba2 Nfd7 11. Be3 exd4 12. Bxd4 Nc5 13. Bxc5 dxc5 14. Qxd8 Rxd8
15. Ne5 Be6 16. Bxe6 fxe6 17. Nf3 h6 18. Kf1 c4 19. Ne2 Nd7 20. Rad1 Nc5 21.
Nc3 Na6 22. Na2 Bb4 23. Rxd8+ Rxd8 24. Rb1 Rd6 25. Ke2 Bc5 26. Nd2 b5 27. f3
Bd4 28. b3 c3 29. Nf1 bxa4 30. bxa4 Nc5 31. Rb8+ Kf7 32. Ra8 Nxa4 33. Rxa5 Nb2
34. Ra3 Nc4 35. Rb3 Na5 36. Ra3 Nc4 37. Rb3 Na5 38. Ra3 1/2-1/2

[Event "4NCL Division 2b"]
[Site "Birmingham, ENG ENG"]
[Date "2015.11.15"]
[Round "2.254"]
[White "Wheeler, Darren P"]
[Black "Makepeace, Philip J"]
[Result "1/2-1/2"]
[WhiteElo "2215"]
[BlackElo "2091"]
[PlyCount "54"]
[EventDate "2015.11.15"]
[WhiteTeam "The AD's"]
[BlackTeam "Downend & Fishponds"]

1. e4 c6 2. d4 d5 3. exd5 cxd5 4. c4 Nf6 5. Nc3 e6 6. Nf3 Bb4 7. cxd5 Nxd5 8.
Bd2 Be7 9. Qb3 Nc6 10. Bb5 O-O 11. Nxd5 exd5 12. O-O Qb6 13. Rfe1 Be6 14. Qd3
Rac8 15. Ba4 g6 16. Bxc6 Rxc6 17. Ne5 Rc7 18. Bc3 Bb4 19. Bxb4 Qxb4 20. a3 Qxb2
21. Reb1 Qc3 22. Qxc3 Rxc3 23. Rxb7 Rfc8 24. h3 R8c7 25. Rb5 Kg7 26. Kh2 h5 27.
Ra2 Kf6 1/2-1/2

[Event "4NCL Division 2b"]
[Site "Birmingham, ENG ENG"]
[Date "2015.11.15"]
[Round "2.255"]
[White "Savory, Richard J"]
[Black "Swindells, Jonathan E"]
[Result "1/2-1/2"]
[WhiteElo "2080"]
[BlackElo "2260"]
[PlyCount "36"]
[EventDate "2015.11.15"]
[WhiteTeam "Downend & Fishponds"]
[BlackTeam "The AD's"]

1. e4 e5 2. Nf3 Nc6 3. Bc4 Bc5 4. d3 Nf6 5. O-O d6 6. c3 a6 7. Bb3 Ba7 8. Nbd2
O-O 9. h3 Ne7 10. Re1 Ng6 11. Nf1 Nh5 12. Bg5 Qe8 13. Ne3 Nhf4 14. Nd5 Nxd5 15.
Bxd5 c6 16. Bb3 Be6 17. Be3 Bxb3 18. Qxb3 Bxe3 1/2-1/2

[Event "4NCL Division 2b"]
[Site "Birmingham, ENG ENG"]
[Date "2015.11.15"]
[Round "2.1"]
[White "Brigden, Michael E"]
[Black "Anderton, David W"]
[Result "1/2-1/2"]
[WhiteElo "2072"]
[BlackElo "2163"]
[PlyCount "42"]
[EventDate "2015.11.15"]
[WhiteTeam "Downend & Fishponds"]
[BlackTeam "The AD's"]

1. d4 f5 2. c4 Nf6 3. Nc3 d6 4. Nf3 g6 5. e3 Bg7 6. Bd3 O-O 7. O-O c6 8. b4 Qe8
9. Qb3 Kh8 10. Bb2 Nbd7 11. d5 e5 12. dxe6 Ne5 13. Be2 Bxe6 14. a4 h6 15. Rfd1
Rd8 16. Rd2 Qf7 17. Nxe5 dxe5 18. Rad1 Qc7 19. Rxd8 Rxd8 20. Rxd8+ Qxd8 21. Qd1
Qxd1+ 1/2-1/2

[Event "4NCL Division 2b"]
[Site "Birmingham, ENG ENG"]
[Date "2015.11.15"]
[Round "2.2"]
[White "Bellin, Jana M"]
[Black "French, Max"]
[Result "1/2-1/2"]
[WhiteElo "2065"]
[BlackElo "1907"]
[PlyCount "85"]
[EventDate "2015.11.15"]
[WhiteTeam "The AD's"]
[BlackTeam "Downend & Fishponds"]

1. d4 Nf6 2. Nf3 e6 3. c4 b6 4. g3 Ba6 5. Qa4 c6 6. Nc3 b5 7. cxb5 cxb5 8. Qd1
d5 9. a3 Nc6 10. Bg2 Qb6 11. O-O Be7 12. b4 O-O 13. e3 Rfb8 14. Nd2 Bc8 15. Nb3
a5 16. bxa5 Nxa5 17. Nxa5 Rxa5 18. Bb2 Rba8 19. Qe2 Ba6 20. Qc2 Bb7 21. Rfb1
Bc6 22. Bf1 Ne4 23. Nxe4 dxe4 24. Bc3 Rxa3 25. Rxa3 Bxa3 26. Bb4 Bxb4 27. Rxb4
g6 28. Qb1 Kg7 29. Qb2 Kg8 30. Kg2 Qb7 31. Rb3 Rb8 32. Rb4 h5 33. h4 Qd7 34.
Be2 Rb7 35. Rb3 Qd5 36. Qc3 f6 37. Rb4 Kg7 38. Rb2 Kh6 39. Rc2 Bd7 40. Qb4 Bc6
41. Qf8+ Kh7 42. Rc5 Qd7 43. Qxf6 1/2-1/2

[Event "4NCL Division 2b"]
[Site "Birmingham, ENG ENG"]
[Date "2015.11.15"]
[Round "2.5"]
[White "Taylor, Adam C"]
[Black "Walker, David J"]
[Result "1/2-1/2"]
[WhiteElo "2292"]
[BlackElo "2300"]
[PlyCount "87"]
[EventDate "2015.11.15"]
[WhiteTeam "Anglian Avengers 1"]
[BlackTeam "North East England"]

1. Nf3 Nf6 2. c4 e6 3. g3 d5 4. d4 Bb4+ 5. Bd2 Be7 6. Bg2 O-O 7. O-O c6 8. a4
a5 9. Na3 Na6 10. Ne5 Nd7 11. Nxd7 Bxd7 12. e4 dxe4 13. Bxe4 Bf6 14. Bc3 Nb4
15. Nc2 Qe7 16. Re1 Rfd8 17. Qd2 c5 18. d5 Bxc3 19. bxc3 Nxc2 20. Qxc2 g6 21.
Rab1 Rab8 22. dxe6 Bxe6 23. Bd5 Rd6 24. Qe4 b6 25. Qe5 Rbd8 26. Rbd1 Qf8 27.
Re3 R8d7 28. h4 h5 29. Rd2 Qg7 30. Qg5 Kh7 31. Rf3 Qh6 32. Qxh6+ Kxh6 33. Bxe6
Rxd2 34. Bxd7 Rxd7 35. Rf6 Rd1+ 36. Kg2 Kg7 37. Rxb6 Ra1 38. Rb5 Rxa4 39. Rxc5
Ra3 40. Kf3 Rxc3+ 41. Ke4 Rc2 42. Kd4 Rd2+ 43. Ke3 Rc2 44. Rxa5 1/2-1/2

[Event "4NCL Division 2b"]
[Site "Birmingham, ENG ENG"]
[Date "2015.11.15"]
[Round "2.6"]
[White "Dunn, Andrew"]
[Black "Lewis, Andrew P"]
[Result "0-1"]
[WhiteElo "2252"]
[BlackElo "2275"]
[PlyCount "60"]
[EventDate "2015.11.15"]
[WhiteTeam "North East England"]
[BlackTeam "Anglian Avengers 1"]

1. d4 Nf6 2. Nf3 g6 3. c4 Bg7 4. g3 O-O 5. Bg2 d6 6. O-O Nbd7 7. Nc3 e5 8. e4
a6 9. h3 b5 10. dxe5 dxe5 11. Qe2 c6 12. b3 Qe7 13. Rd1 Bb7 14. Ne1 Rfe8 15.
Nd3 Nf8 16. Bb2 N6d7 17. cxb5 axb5 18. Qc2 Ne6 19. Ne2 c5 20. a4 bxa4 21. Rxa4
Rxa4 22. bxa4 Nd4 23. Nxd4 exd4 24. Ba3 Rc8 25. Nf4 Qe5 26. Qb1 Qb8 27. Bf1 c4
28. Qb5 Ne5 29. Rb1 Nf3+ 30. Kh1 Nd2 0-1

[Event "4NCL Division 2b"]
[Site "Birmingham, ENG ENG"]
[Date "2015.11.15"]
[Round "2.8"]
[White "Henderson, David"]
[Black "Talsma, Paul"]
[Result "1/2-1/2"]
[WhiteElo "2155"]
[BlackElo "2245"]
[PlyCount "62"]
[EventDate "2015.11.15"]
[WhiteTeam "North East England"]
[BlackTeam "Anglian Avengers 1"]

1. e4 e5 2. Nf3 Nf6 3. d4 Nxe4 4. Nxe5 d6 5. Nf3 d5 6. Bd3 Nc6 7. Nbd2 Nf6 8.
O-O Be7 9. c3 O-O 10. Re1 h6 11. Nf1 Bd6 12. Ne5 Ne4 13. f3 Nxe5 14. dxe5 Bc5+
15. Be3 Bxe3+ 16. Nxe3 Nc5 17. Bc2 c6 18. b4 Ne6 19. Qd3 g6 20. Ng4 Qg5 21. g3
Kg7 22. h4 Qd8 23. Qd2 Rh8 24. Rad1 a5 25. a4 axb4 26. cxb4 d4 27. Nf6 b6 28.
f4 c5 29. f5 gxf5 30. Bxf5 Rxa4 31. bxc5 bxc5 1/2-1/2

[Event "4NCL Division 2b"]
[Site "Birmingham, ENG ENG"]
[Date "2015.11.15"]
[Round "2.9"]
[White "Spence, David J"]
[Black "Tavoularis, Nicholas"]
[Result "0-1"]
[WhiteElo "2320"]
[BlackElo "2230"]
[PlyCount "52"]
[EventDate "2015.11.15"]
[WhiteTeam "Anglian Avengers 1"]
[BlackTeam "North East England"]

1. Nf3 Nf6 2. b3 g6 3. Bb2 Bg7 4. g3 b6 5. Bg2 Bb7 6. O-O O-O 7. d3 c5 8. c4
Nc6 9. Nbd2 Rc8 10. Qc1 d5 11. cxd5 Nd4 12. Re1 Bxd5 13. Bxd4 cxd4 14. Qb2 Ng4
15. Rac1 Qd7 16. Nc4 b5 17. Na5 Rc3 18. h3 Ne5 19. Nxe5 Bxe5 20. b4 Bxg2 21.
Kxg2 Qd5+ 22. Kh2 h5 23. h4 Rfc8 24. Rxc3 dxc3 25. Qb3 Qd4 26. Kg2 c2 0-1

[Event "4NCL Division 2b"]
[Site "Birmingham, ENG ENG"]
[Date "2015.11.15"]
[Round "2.10"]
[White "Dargan, Paul A G"]
[Black "Player, Edmund C"]
[Result "1-0"]
[WhiteElo "2140"]
[BlackElo "2187"]
[PlyCount "115"]
[EventDate "2015.11.15"]
[WhiteTeam "North East England"]
[BlackTeam "Anglian Avengers 1"]

1. e4 e6 2. d4 d5 3. Nd2 Be7 4. Bd3 c5 5. dxc5 Nf6 6. Qe2 a5 7. Ngf3 O-O 8. O-O
Na6 9. e5 Nd7 10. c4 Ndxc5 11. Bb1 Nb4 12. Rd1 Qc7 13. Nb3 Rd8 14. Nxc5 Qxc5
15. b3 f5 16. exf6 Bxf6 17. Bb2 d4 18. Qe4 g6 19. Bxd4 Bxd4 20. Rxd4 Rxd4 21.
Qxd4 Qxd4 22. Nxd4 e5 23. Nf3 a4 24. bxa4 Nc6 25. Be4 Rxa4 26. Bxc6 bxc6 27.
Nxe5 c5 28. f3 Bf5 29. a3 Kg7 30. g4 Be6 31. g5 h6 32. h4 Bxc4 33. Nxc4 Rxc4
34. gxh6+ Kxh6 35. a4 Rxh4 36. a5 Kg5 37. a6 Rh8 38. a7 Ra8 39. Kf2 Kf4 40.
Ra4+ Ke5 41. Ke3 Kd5 42. Kd3 c4+ 43. Kc3 Ke5 44. Kxc4 Kf4 45. Ra3 g5 46. Kd5
Kg3 47. Kc6 Rxa7 48. Rxa7 Kxf3 49. Rf7+ Ke3 50. Rg7 Kf4 51. Kd5 g4 52. Kd4 Kf3
53. Kd3 g3 54. Rf7+ Kg2 55. Ke2 Kh2 56. Rg7 g2 57. Kf2 Kh1 58. Rh7# 1-0

[Event "4NCL Division 2b"]
[Site "Birmingham, ENG ENG"]
[Date "2015.11.15"]
[Round "2.11"]
[White "Lindner, Daniel"]
[Black "Malola, Prasath.T.S"]
[Result "1-0"]
[WhiteElo "2204"]
[BlackElo "2095"]
[PlyCount "47"]
[EventDate "2015.11.15"]
[WhiteTeam "Anglian Avengers 1"]
[BlackTeam "North East England"]

1. c4 Nc6 2. g3 h5 3. Nf3 e5 4. d4 exd4 5. Nxd4 Qf6 6. Nb5 Bc5 7. e3 Kd8 8.
N1c3 Nge7 9. Ne4 Bb4+ 10. Nbc3 Qe5 11. Bg2 h4 12. f4 Qe6 13. Qd3 hxg3 14. Ng5
Qf6 15. Bd2 Ne5 16. Qe4 Ng4 17. hxg3 Rxh1+ 18. Bxh1 c6 19. Bf3 Nh6 20. O-O-O
Qf5 21. Qd4 Qg6 22. e4 f5 23. c5 Ba5 24. Bh5 1-0

[Event "4NCL Division 2b"]
[Site "Birmingham, ENG ENG"]
[Date "2015.11.15"]
[Round "2.12"]
[White "Dalton, Joseph"]
[Black "Bayford, Jim R"]
[Result "1/2-1/2"]
[WhiteElo "2020"]
[BlackElo "2177"]
[PlyCount "64"]
[EventDate "2015.11.15"]
[WhiteTeam "North East England"]
[BlackTeam "Anglian Avengers 1"]

1. d4 Nf6 2. Nf3 c5 3. d5 d6 4. Nc3 g6 5. e4 Bg7 6. Bb5+ Nbd7 7. e5 dxe5 8.
Nxe5 O-O 9. Nxd7 Bxd7 10. Bxd7 Qxd7 11. Be3 Rac8 12. Qf3 b5 13. O-O-O Rfd8 14.
Bg5 b4 15. Bxf6 exf6 16. Ne2 f5 17. Rhe1 c4 18. c3 a5 19. d6 Rc6 20. Qd5 Rxd6
21. Qxd6 Qxd6 22. Rxd6 Rxd6 23. Rd1 Rxd1+ 24. Kxd1 Kf8 25. Kc2 Ke7 26. b3 cxb3+
27. Kxb3 bxc3 28. Nxc3 Bxc3 29. Kxc3 Kd6 30. Kc4 Kc6 31. a4 f4 32. f3 g5
1/2-1/2

[Event "4NCL Division 2b"]
[Site "Birmingham, ENG ENG"]
[Date "2015.11.15"]
[Round "2.16"]
[White "Churm, Rohan M"]
[Black "Harakis, Alexis M"]
[Result "0-1"]
[WhiteElo "2145"]
[BlackElo "2243"]
[PlyCount "66"]
[EventDate "2015.11.15"]
[WhiteTeam "Cambridge University 2"]
[BlackTeam "KJCA Kings"]

1. e4 e5 2. Nf3 Nc6 3. Bb5 a6 4. Ba4 Nf6 5. O-O Be7 6. Re1 b5 7. Bb3 d6 8. c3
O-O 9. h3 Nb8 10. d4 Nbd7 11. Nbd2 Bb7 12. a4 c5 13. d5 c4 14. Bc2 Nc5 15. Nf1
Qd7 16. Ng3 g6 17. Be3 Rfc8 18. Nd2 Ne8 19. f4 Bh4 20. Qf3 Ng7 21. Rf1 f5 22.
exf5 Bxg3 23. Bxc5 Bxf4 24. Ne4 Kh8 25. Ba3 Nxf5 26. Qg4 Qd8 27. g3 Qb6+ 28.
Kh2 Bh6 29. Nf6 Ne3 30. Qh4 Nxf1+ 31. Rxf1 Qe3 32. Ng4 Qe2+ 33. Kg1 Rf8 0-1

[Event "4NCL Division 2b"]
[Site "Birmingham, ENG ENG"]
[Date "2015.11.15"]
[Round "2.17"]
[White "Foord, Dominic"]
[Black "Pickard, Charles"]
[Result "1/2-1/2"]
[WhiteElo "2081"]
[BlackElo "2130"]
[PlyCount "153"]
[EventDate "2015.11.15"]
[WhiteTeam "KJCA Kings"]
[BlackTeam "Cambridge University 2"]

1. d4 d5 2. c4 e6 3. Nc3 c5 4. cxd5 exd5 5. Nf3 Nc6 6. e3 Nf6 7. Be2 Ne4 8. O-O
cxd4 9. Nxd4 Nxc3 10. bxc3 Bd6 11. c4 dxc4 12. Nxc6 bxc6 13. Qd4 Qf6 14. Qxf6
gxf6 15. Bxc4 Be6 16. Bxe6 fxe6 17. Bb2 Ke7 18. Rac1 Rab8 19. Bd4 Rhc8 20. Rc4
Rb4 21. Rfc1 e5 22. Bxa7 Ra8 23. Rxb4 Bxb4 24. Bb6 Rxa2 25. Kf1 Kd7 26. Rc4 Be7
27. e4 Ra6 28. Be3 c5 29. Ke2 Kc6 30. Kf3 Kb5 31. Rc1 c4 32. Kg4 Bb4 33. Kf5 c3
34. g4 Kc4 35. h4 Ba3 36. Ra1 Kb3 37. g5 fxg5 38. hxg5 c2 39. Rh1 Ra8 40. Rxh7
Rf8+ 41. Ke6 Rxf2 42. Rh3 Kc4 43. g6 c1=Q 44. Bxc1 Bxc1 45. Rg3 Bh6 46. Kxe5
Bg7+ 47. Ke6 Rf6+ 48. Ke7 Kd4 49. Rg2 Ke5 50. Rg5+ Kxe4 51. Rg1 Ra6 52. Kf7
Ra7+ 53. Ke6 Kf4 54. Rf1+ Kg5 55. Rg1+ Kh6 56. Kf5 Ra5+ 57. Ke6 Ra6+ 58. Ke7
Bd4 59. Rg4 Bc5+ 60. Kf7 Ra7+ 61. Ke6 Kg7 62. Rg2 Ra6+ 63. Kf5 Be7 64. Rg1 Ra5+
65. Kf4 Bf6 66. Rg2 Kh6 67. Ke4 Bg5 68. g7 Kxg7 69. Rb2 Bf6 70. Rb4 Kg6 71. Rc4
Rh5 72. Rc2 Rh4+ 73. Kd5 Rd4+ 74. Ke6 Re4+ 75. Kd5 Re3 76. Rg2+ Kf7 77. Rc2
1/2-1/2

[Event "4NCL Division 2b"]
[Site "Birmingham, ENG ENG"]
[Date "2015.11.15"]
[Round "2.18"]
[White "Robertson, J Stuart"]
[Black "Lunn, Matthew"]
[Result "1-0"]
[WhiteElo "2093"]
[BlackElo "2064"]
[PlyCount "113"]
[EventDate "2015.11.15"]
[WhiteTeam "Cambridge University 2"]
[BlackTeam "KJCA Kings"]

1. d4 Nf6 2. c4 g6 3. Nc3 Bg7 4. e4 d6 5. Be2 O-O 6. Bg5 Na6 7. Qd2 Qe8 8. h4
e5 9. d5 Nc5 10. f3 Nh5 11. g4 Nf4 12. Nh3 f5 13. Nxf4 exf4 14. gxf5 gxf5 15.
exf5 Bxf5 16. O-O-O Bg6 17. Rdg1 Kh8 18. Rg4 Bf5 19. Rg2 Qe3 20. Qxe3 fxe3 21.
Bxe3 Rae8 22. Kd2 a6 23. Rhg1 Be5 24. Bh6 Rg8 25. Rxg8+ Rxg8 26. Rxg8+ Kxg8 27.
b4 Nd7 28. Ne4 Kf7 29. h5 Bb2 30. Bd3 Kg8 31. Nf6+ Bxf6 32. Bxf5 Ne5 33. Be6+
Kh8 34. c5 Nxf3+ 35. Ke3 Ne5 36. Ke4 b6 37. cxb6 cxb6 38. a4 Nc4 39. Bf8 Be5
40. h6 a5 41. bxa5 bxa5 42. Bf7 Nb6 43. Be8 Nc8 44. Bd7 Nb6 45. Bb5 Nc8 46. Kf5
Kg8 47. Bg7 Bxg7 48. hxg7 Kxg7 49. Ke6 h5 50. Kd7 Kf6 51. Kxc8 Ke5 52. Be2 Kxd5
53. Bxh5 Kc4 54. Kc7 d5 55. Kb6 Kb4 56. Bd1 d4 57. Ka6 1-0

[Event "4NCL Division 2b"]
[Site "Birmingham, ENG ENG"]
[Date "2015.11.15"]
[Round "2.19"]
[White "Ganesan, Arasu"]
[Black "Gooding, Ian"]
[Result "1-0"]
[WhiteElo "2069"]
[BlackElo "2028"]
[PlyCount "27"]
[EventDate "2015.11.15"]
[WhiteTeam "KJCA Kings"]
[BlackTeam "Cambridge University 2"]

1. d4 d5 2. Bf4 Nf6 3. e3 g6 4. c4 Bg7 5. Nc3 c6 6. Nf3 O-O 7. h3 Qb6 8. Qb3
Qxb3 9. axb3 Bf5 10. g4 Bc2 11. Nd2 h6 12. Bxb8 Rfxb8 13. Rc1 Bxb3 14. Nxb3 1-0

[Event "4NCL Division 2b"]
[Site "Birmingham, ENG ENG"]
[Date "2015.11.15"]
[Round "2.20"]
[White "Kalavannan, Koby"]
[Black "Hand, Freddie"]
[Result "1/2-1/2"]
[WhiteElo "2063"]
[BlackElo "1868"]
[PlyCount "62"]
[EventDate "2015.11.15"]
[WhiteTeam "Cambridge University 2"]
[BlackTeam "KJCA Kings"]

1. d4 d5 2. Nf3 Nf6 3. c4 c6 4. Nbd2 Bf5 5. Nh4 Be6 6. e3 g6 7. Bd3 Bg7 8. O-O
O-O 9. f4 Ng4 10. Ndf3 dxc4 11. Be2 Nf6 12. Ne5 b5 13. Bf3 Bd5 14. Qc2 Qb6 15.
Rd1 Bxf3 16. gxf3 Nbd7 17. Qg2 Nxe5 18. fxe5 Nd5 19. e4 Nb4 20. Nf5 Nd3 21. Kh1
Kh8 22. Nxg7 Qxd4 23. Rxd3 cxd3 24. Bh6 Rg8 25. Qg5 Rxg7 26. Qxe7 d2 27. Rd1
Qf2 28. Qf6 Rag8 29. Bxg7+ Rxg7 30. Qd8+ Rg8 31. Qf6+ Rg7 1/2-1/2

[Event "4NCL Division 2b"]
[Site "Birmingham, ENG ENG"]
[Date "2015.11.15"]
[Round "2.21"]
[White "Golding, James"]
[Black "Starley, Robert"]
[Result "1/2-1/2"]
[WhiteElo "1862"]
[BlackElo "2012"]
[PlyCount "209"]
[EventDate "2015.11.15"]
[WhiteTeam "KJCA Kings"]
[BlackTeam "Cambridge University 2"]

1. d4 Nf6 2. c4 e6 3. Nf3 b6 4. Nc3 Bb4 5. Qc2 Bb7 6. Bd2 c5 7. e3 O-O 8. Bd3
d6 9. a3 cxd4 10. exd4 Bxc3 11. bxc3 Nbd7 12. O-O Re8 13. Rfe1 e5 14. Ng5 h6
15. Bh7+ Kf8 16. Nxf7 Kxf7 17. Bxh6 Nxh7 18. Qxh7 Qf6 19. Be3 Rh8 20. Qd3 Qh4
21. h3 Be4 22. Qf1 Qh7 23. Rad1 Qg6 24. f3 Bc2 25. Rd2 Rxh3 26. Rxc2 Rah8 27.
Qe2 Rh1+ 28. Kf2 R8h2 29. Rg1 Qh7 30. Kf1 Nf6 31. Rc1 Nh5 32. Qc2 Ng3+ 33. Kf2
Qh4 34. Qd3 e4 35. fxe4 Nxe4+ 36. Kf3 Qg3+ 37. Kxe4 Qg6+ 38. Kf3 Qxd3 39. Rxh1
Rxh1 40. Rxh1 Qxc3 41. Rc1 Qxa3 42. c5 bxc5 43. dxc5 d5 44. Rd1 Ke6 45. c6 Kd6
46. c7 Kxc7 47. Rxd5 a5 48. Rg5 Kc6 49. Ke2 Qb2+ 50. Kd3 a4 51. Bd2 a3 52. Bc3
Qb1+ 53. Kd2 g6 54. g4 a2 55. Ra5 g5 56. Rxg5 a1=Q 57. Bxa1 Qxa1 58. Ke2 Kd6
59. Rf5 Qg1 60. Kf3 Ke6 61. Kf4 Qf2+ 62. Kg5 Qh2 63. Rf6+ Ke5 64. Kg6 Qh8 65.
Rf5+ Ke4 66. Rf7 Qe8 67. g5 Qg8+ 68. Rg7 Qe6+ 69. Kh7 Qh3+ 70. Kg8 Kf5 71. Kf8
Qh8+ 72. Rg8 Qe5 73. Rg7 Qb8+ 74. Kf7 Qb3+ 75. Kf8 Qe6 76. Rg8 Qd6+ 77. Kf7
Qd7+ 78. Kf8 Qh7 79. Rg7 Qh5 80. Rg8 Ke6 81. Rg7 Qh8+ 82. Rg8 Qd4 83. Rg6+ Kd7
84. Rg7+ Kd8 85. Kg8 Qh4 86. Kf7 Kd7 87. Kf8+ Kd8 88. Kf7 Qh5+ 89. Kf6 Ke8 90.
Rg8+ Kd7 91. Rg6 Qf3+ 92. Kg7 Ke7 93. Rf6 Qh5 94. Rg6 Qg4 95. Kh7 Qh4+ 96. Kg8
Ke8 97. Re6+ Kd7 98. Rg6 Qh5 99. Kf7 Qh7+ 100. Rg7 Qf5+ 101. Kg8+ Ke8 102. Kh8
Qh3+ 103. Rh7 Qg4 104. g6 Qxg6 105. Re7+ 1/2-1/2

[Event "4NCL Division 2b"]
[Site "Birmingham, ENG ENG"]
[Date "2015.11.15"]
[Round "2.22"]
[White "Chan, Nevil"]
[Black "Verma, Aditya"]
[Result "1/2-1/2"]
[WhiteElo "2045"]
[BlackElo "1873"]
[PlyCount "44"]
[EventDate "2015.11.15"]
[WhiteTeam "Cambridge University 2"]
[BlackTeam "KJCA Kings"]

1. d4 d5 2. Nc3 Nf6 3. Bg5 Nbd7 4. Nf3 e6 5. e3 Be7 6. Bd3 a6 7. a4 c5 8. O-O
O-O 9. Ne5 h6 10. Bh4 Nxe5 11. dxe5 Nd7 12. Bxe7 Qxe7 13. f4 c4 14. Be2 Qc5 15.
Qd4 Rb8 16. Bf3 b5 17. axb5 axb5 18. Qxc5 Nxc5 19. Ra5 Bd7 20. Rfa1 Rfc8 21.
Ne2 b4 22. Nd4 b3 1/2-1/2

[Event "4NCL Division 2b"]
[Site "Birmingham, ENG ENG"]
[Date "2015.11.15"]
[Round "2.25"]
[White "Cenal Gutierrez, Ruben"]
[Black "Farrand, Tom"]
[Result "1/2-1/2"]
[WhiteElo "2260"]
[BlackElo "2267"]
[PlyCount "44"]
[EventDate "2015.11.15"]
[WhiteTeam "Hackney 1"]
[BlackTeam "CSC Dragons [1]"]

1. e4 c5 2. Nf3 e6 3. d4 cxd4 4. Nxd4 Nf6 5. Nc3 Nc6 6. Ndb5 d6 7. Bf4 e5 8.
Bg5 a6 9. Na3 b5 10. Nd5 Be7 11. Bxf6 Bxf6 12. c3 Rb8 13. Nc2 Bg5 14. Nce3 O-O
15. h4 Bxe3 16. Nxe3 Be6 17. g3 Qc7 18. Bg2 Na5 19. Nd5 Bxd5 20. Qxd5 Nc4 21.
b3 Nb6 22. Qd2 Rbd8 1/2-1/2

[Event "4NCL Division 2b"]
[Site "Birmingham, ENG ENG"]
[Date "2015.11.15"]
[Round "2.26"]
[White "Webb, Richard M"]
[Black "Eames, Robert S"]
[Result "1/2-1/2"]
[WhiteElo "2262"]
[BlackElo "2320"]
[PlyCount "31"]
[EventDate "2015.11.15"]
[WhiteTeam "CSC Dragons [1]"]
[BlackTeam "Hackney 1"]

1. e4 e5 2. Nf3 Nc6 3. Bb5 a6 4. Bxc6 dxc6 5. O-O Bg4 6. h3 h5 7. d3 Qf6 8.
Nbd2 Ne7 9. Re1 Ng6 10. d4 Nf4 11. hxg4 hxg4 12. g3 gxf3 13. Qxf3 Ne6 14. dxe5
Qxe5 15. Qf5 Qb5 16. Qxb5 1/2-1/2

[Event "4NCL Division 2b"]
[Site "Birmingham, ENG ENG"]
[Date "2015.11.15"]
[Round "2.27"]
[White "Chin, Francis"]
[Black "Thompson, Ian D"]
[Result "1-0"]
[WhiteElo "2102"]
[BlackElo "2237"]
[PlyCount "107"]
[EventDate "2015.11.15"]
[WhiteTeam "Hackney 1"]
[BlackTeam "CSC Dragons [1]"]

1. d4 Nf6 2. Nf3 g6 3. g3 b6 4. Bg2 Bb7 5. O-O Bg7 6. c4 O-O 7. Nc3 Na6 8. Bf4
d6 9. Qd2 Re8 10. Rad1 c5 11. d5 Nc7 12. e4 Nd7 13. h4 Ne5 14. Nxe5 dxe5 15.
Bg5 Qd6 16. Bh6 Bc8 17. Bf3 Bh8 18. Kg2 a6 19. h5 b5 20. b3 b4 21. Na4 Bd7 22.
Nb2 a5 23. Be3 a4 24. Nd3 Na6 25. Rh1 e6 26. Rh2 exd5 27. cxd5 axb3 28. axb3
Re7 29. Rdh1 Bb5 30. Nb2 Nc7 31. Rc1 Na6 32. Bg4 Rd8 33. f3 f5 34. Bh3 Rf8 35.
Bg5 Rd7 36. Rch1 Bg7 37. Bh6 Nc7 38. hxg6 hxg6 39. Bxg7 Rxg7 40. Nd1 Ne6 41.
Qh6 Nd4 42. Ne3 Be2 43. Nxf5 Bxf3+ 44. Kg1 Rxf5 45. Bxf5 Qa6 46. Qh8+ Kf7 47.
Be6+ Nxe6 48. dxe6+ Kxe6 49. Qxg7 Qa1+ 50. Kf2 Qd4+ 51. Kxf3 Qd3+ 52. Kg4 Qxe4+
53. Kg5 Qe3+ 54. Kxg6 1-0

[Event "4NCL Division 2b"]
[Site "Birmingham, ENG ENG"]
[Date "2015.11.15"]
[Round "2.28"]
[White "Frostick, Clive A"]
[Black "Bowmer, Kevin"]
[Result "1/2-1/2"]
[WhiteElo "2175"]
[BlackElo "2050"]
[PlyCount "44"]
[EventDate "2015.11.15"]
[WhiteTeam "CSC Dragons [1]"]
[BlackTeam "Hackney 1"]

1. e4 c5 2. Nf3 d6 3. Nc3 Nf6 4. e5 dxe5 5. Nxe5 e6 6. Bb5+ Nbd7 7. d4 a6 8.
Bxd7+ Nxd7 9. Qh5 g6 10. Qf3 f5 11. Be3 Nxe5 12. dxe5 Be7 13. Qg3 Bd7 14. h4
Bc6 15. Rd1 Qc7 16. Bg5 Kf7 17. O-O Rad8 18. Qe3 Rhe8 19. Ne2 Bb5 20. Rfe1 Rxd1
21. Rxd1 Bxe2 22. Qxe2 Rd8 1/2-1/2

[Event "4NCL Division 2b"]
[Site "Birmingham, ENG ENG"]
[Date "2015.11.15"]
[Round "2.30"]
[White "Brotherton, Trevor"]
[Black "Yurenok, Maria S"]
[Result "1-0"]
[WhiteElo "2102"]
[BlackElo "2020"]
[PlyCount "79"]
[EventDate "2015.11.15"]
[WhiteTeam "CSC Dragons [1]"]
[BlackTeam "Hackney 1"]

1. g3 d5 2. Bg2 Nf6 3. d3 c6 4. Nf3 Bg4 5. O-O Nbd7 6. Nbd2 g6 7. h3 Bxf3 8.
Bxf3 Bg7 9. e4 O-O 10. Qe2 Qc7 11. c3 dxe4 12. dxe4 Rad8 13. Nb3 e5 14. Be3 b6
15. a4 c5 16. Nd2 Ne8 17. h4 Nd6 18. Nc4 Rfe8 19. h5 Nf6 20. hxg6 hxg6 21. Bg5
Nxc4 22. Qxc4 Rd7 23. Kg2 Nh7 24. Be3 Qd8 25. Bg4 Rd6 26. Rad1 Re7 27. Rxd6
Qxd6 28. Rd1 Qc7 29. a5 Bf6 30. axb6 axb6 31. Qd5 Bg5 32. Bxg5 Nxg5 33. f4 Nh7
34. Qa8+ Kg7 35. Rd8 Nf6 36. Bf3 Rd7 37. Rh8 Rd2+ 38. Kf1 Nh5 39. Bxh5 gxh5 40.
Qf8+ 1-0